000 00350nam a2200133Ia 4500
005 20251222142030.0
008 251222s9999||||xx |||||||||||||| ||spa||
020 _a978-958-762-014-6
082 _a371.33/R52
100 _aRibes Antuña, María Dolores
245 0 _aEl Juego Infantil y su Metodología
264 _bEdiciones de la U
942 _cLIB
999 _c10943
_d10943